=LDR 00000nam 2200000 4500 =001 INLIS000000000024776 =005 20130612123336 =008 ***********************************Ind** =035 ##$$0010-061300000024776 =041 ##$$a Ind =082 ##$$a 729.28 =090 ##$$a 729.28, Sug m =100 ##$$a Sugito, Tri Winarti =245 ##$$a Membuat pernak pernik pernikahan, Tri Winarti Sugito =260 ##$$a 2001 $b Jakarta =300 ##$$a 40 hlm, ilus6c23 cm =650 ##$$a Hiasan pernikahan =850 ##$$a NBPNMAT